<?xml version="1.0" encoding="UTF-8"?>
<record
    xmlns:xsi="http://www.w3.org/2001/XMLSchema-instance"
    xsi:schemaLocation="http://www.loc.gov/MARC21/slim http://www.loc.gov/standards/marcxml/schema/MARC21slim.xsd"
    xmlns="http://www.loc.gov/MARC21/slim">

  <leader>02448    a2200289   4500</leader>
  <controlfield tag="008">090326t        xxu||||| |||| 00| 0 hin d</controlfield>
  <datafield tag="010" ind1=" " ind2=" ">
    <subfield code="a">BPPD-H173       B287261-267</subfield>
  </datafield>
  <datafield tag="020" ind1=" " ind2=" ">
    <subfield code="c">125.00</subfield>
    <subfield code="a">8181662091</subfield>
  </datafield>
  <datafield tag="035" ind1=" " ind2=" ">
    <subfield code="a">B-287261-267</subfield>
  </datafield>
  <datafield tag="037" ind1=" " ind2=" ">
    <subfield code="b">&#x92E;&#x947;&#x918;&#x93E; &#x92C;&#x941;&#x915;&#x94D;&#x938;</subfield>
  </datafield>
  <datafield tag="040" ind1=" " ind2=" ">
    <subfield code="a">dpl</subfield>
    <subfield code="b">HN</subfield>
  </datafield>
  <datafield tag="082" ind1=" " ind2=" ">
    <subfield code="a">821</subfield>
  </datafield>
  <datafield tag="100" ind1=" " ind2=" ">
    <subfield code="a">&#x91C;&#x948;&#x928;,&#x938;&#x941;&#x928;&#x940;&#x924;&#x93E;</subfield>
  </datafield>
  <datafield tag="245" ind1=" " ind2=" ">
    <subfield code="a">&#x92C;&#x93E;&#x930;&#x93F;&#x936; &#x92E;&#x947;&#x902; &#x926;&#x93F;&#x932;&#x94D;&#x932;&#x940; /</subfield>
    <subfield code="c">&#x938;&#x941;&#x928;&#x940;&#x924;&#x93E; &#x91C;&#x948;&#x928;</subfield>
  </datafield>
  <datafield tag="260" ind1=" " ind2=" ">
    <subfield code="a">&#x926;&#x93F;&#x932;&#x94D;&#x932;&#x940;</subfield>
    <subfield code="b">&#x92E;&#x947;&#x927;&#x93E; &#x92C;&#x941;&#x915;&#x94D;&#x938;</subfield>
    <subfield code="c">2007</subfield>
  </datafield>
  <datafield tag="270" ind1=" " ind2=" ">
    <subfield code="a">&#x90F;&#x915;&#x94D;&#x938;-11, &#x928;&#x935;&#x940;&#x928; &#x936;&#x93E;&#x939;&#x926;&#x930;&#x93E;</subfield>
    <subfield code="b">&#x926;&#x93F;&#x932;&#x94D;&#x932;&#x940;</subfield>
    <subfield code="e">110032</subfield>
  </datafield>
  <datafield tag="300" ind1=" " ind2=" ">
    <subfield code="a">96&#x92A;&#x943;.</subfield>
    <subfield code="c">22&#x938;&#x947;&#x92E;&#x940; (&#x938;&#x91C;&#x93F;&#x932;&#x94D;&#x926;)</subfield>
  </datafield>
  <datafield tag="942" ind1=" " ind2=" ">
    <subfield code="a">dpl</subfield>
    <subfield code="c">HN</subfield>
    <subfield code="2">ddc</subfield>
    <subfield code="h">821</subfield>
    <subfield code="m">&#x91C;&#x948;&#x928;&#x938;&#x941;</subfield>
  </datafield>
  <datafield tag="999" ind1=" " ind2=" ">
    <subfield code="c">12493</subfield>
    <subfield code="d">12493</subfield>
  </datafield>
  <datafield tag="952" ind1=" " ind2=" ">
    <subfield code="0">0</subfield>
    <subfield code="1">0</subfield>
    <subfield code="2">ddc</subfield>
    <subfield code="4">0</subfield>
    <subfield code="7">0</subfield>
    <subfield code="8">NFIC</subfield>
    <subfield code="a">L</subfield>
    <subfield code="b">L</subfield>
    <subfield code="d">2009-03-26</subfield>
    <subfield code="e">&#x92E;&#x947;&#x918;&#x93E; &#x92C;&#x941;&#x915;&#x94D;&#x938;/3270/9.9.08/394/4.9.08/16.9.08</subfield>
    <subfield code="g">125.00</subfield>
    <subfield code="l">2</subfield>
    <subfield code="o">821 &#x91C;&#x948;&#x928;&#x938;&#x941;</subfield>
    <subfield code="p">B-287261</subfield>
    <subfield code="r">2021-01-30 00:00:00</subfield>
    <subfield code="s">2021-01-15</subfield>
    <subfield code="t">1</subfield>
    <subfield code="v">125.00</subfield>
    <subfield code="w">2009-03-26</subfield>
    <subfield code="y">HN</subfield>
  </datafield>
  <datafield tag="952" ind1=" " ind2=" ">
    <subfield code="0">0</subfield>
    <subfield code="1">0</subfield>
    <subfield code="2">ddc</subfield>
    <subfield code="4">0</subfield>
    <subfield code="7">0</subfield>
    <subfield code="8">NFIC</subfield>
    <subfield code="a">M</subfield>
    <subfield code="b">M</subfield>
    <subfield code="d">2009-03-26</subfield>
    <subfield code="e">&#x92E;&#x947;&#x918;&#x93E; &#x92C;&#x941;&#x915;&#x94D;&#x938;/3270/9.9.08/394/4.9.08/16.9.08</subfield>
    <subfield code="g">125.00</subfield>
    <subfield code="l">0</subfield>
    <subfield code="o">821 &#x91C;&#x948;&#x928;&#x938;&#x941;</subfield>
    <subfield code="p">B-287262</subfield>
    <subfield code="r">2009-03-26 00:00:00</subfield>
    <subfield code="t">2</subfield>
    <subfield code="v">125.00</subfield>
    <subfield code="w">2009-03-26</subfield>
    <subfield code="y">HN</subfield>
  </datafield>
  <datafield tag="952" ind1=" " ind2=" ">
    <subfield code="0">0</subfield>
    <subfield code="1">0</subfield>
    <subfield code="2">ddc</subfield>
    <subfield code="4">0</subfield>
    <subfield code="7">0</subfield>
    <subfield code="8">NFIC</subfield>
    <subfield code="a">M</subfield>
    <subfield code="b">M</subfield>
    <subfield code="d">2009-03-26</subfield>
    <subfield code="e">&#x92E;&#x947;&#x918;&#x93E; &#x92C;&#x941;&#x915;&#x94D;&#x938;/3270/9.9.08/394/4.9.08/16.9.08</subfield>
    <subfield code="g">125.00</subfield>
    <subfield code="l">0</subfield>
    <subfield code="o">821 &#x91C;&#x948;&#x928;&#x938;&#x941;</subfield>
    <subfield code="p">B-287263</subfield>
    <subfield code="r">2009-03-26 00:00:00</subfield>
    <subfield code="t">2</subfield>
    <subfield code="v">125.00</subfield>
    <subfield code="w">2009-03-26</subfield>
    <subfield code="y">HN</subfield>
  </datafield>
  <datafield tag="952" ind1=" " ind2=" ">
    <subfield code="0">0</subfield>
    <subfield code="1">0</subfield>
    <subfield code="2">ddc</subfield>
    <subfield code="4">0</subfield>
    <subfield code="7">0</subfield>
    <subfield code="8">NFIC</subfield>
    <subfield code="a">BL1</subfield>
    <subfield code="b">BL1</subfield>
    <subfield code="d">2009-03-26</subfield>
    <subfield code="e">&#x92E;&#x947;&#x918;&#x93E; &#x92C;&#x941;&#x915;&#x94D;&#x938;/3270/9.9.08/394/4.9.08/16.9.08</subfield>
    <subfield code="g">125.00</subfield>
    <subfield code="l">5</subfield>
    <subfield code="m">1</subfield>
    <subfield code="o">821 &#x91C;&#x948;&#x928;&#x938;&#x941;</subfield>
    <subfield code="p">B-287264</subfield>
    <subfield code="r">2023-11-18 00:00:00</subfield>
    <subfield code="s">2023-11-02</subfield>
    <subfield code="t">1</subfield>
    <subfield code="v">125.00</subfield>
    <subfield code="w">2009-03-26</subfield>
    <subfield code="y">HN</subfield>
  </datafield>
  <datafield tag="952" ind1=" " ind2=" ">
    <subfield code="0">0</subfield>
    <subfield code="1">0</subfield>
    <subfield code="2">ddc</subfield>
    <subfield code="4">0</subfield>
    <subfield code="7">0</subfield>
    <subfield code="8">NFIC</subfield>
    <subfield code="a">ZLS</subfield>
    <subfield code="b">ZLS</subfield>
    <subfield code="d">2009-03-26</subfield>
    <subfield code="e">&#x92E;&#x947;&#x918;&#x93E; &#x92C;&#x941;&#x915;&#x94D;&#x938;/3270/9.9.08/394/4.9.08/16.9.08</subfield>
    <subfield code="g">125.00</subfield>
    <subfield code="l">0</subfield>
    <subfield code="o">821 &#x91C;&#x948;&#x928;&#x938;&#x941;</subfield>
    <subfield code="p">B-287265</subfield>
    <subfield code="r">2009-03-26 00:00:00</subfield>
    <subfield code="t">1</subfield>
    <subfield code="v">125.00</subfield>
    <subfield code="w">2009-03-26</subfield>
    <subfield code="y">HN</subfield>
  </datafield>
  <datafield tag="952" ind1=" " ind2=" ">
    <subfield code="0">0</subfield>
    <subfield code="1">0</subfield>
    <subfield code="2">ddc</subfield>
    <subfield code="4">0</subfield>
    <subfield code="7">0</subfield>
    <subfield code="8">NFIC</subfield>
    <subfield code="a">BL3</subfield>
    <subfield code="b">BL3</subfield>
    <subfield code="d">2009-03-26</subfield>
    <subfield code="e">&#x92E;&#x947;&#x918;&#x93E; &#x92C;&#x941;&#x915;&#x94D;&#x938;/3270/9.9.08/394/4.9.08/16.9.08</subfield>
    <subfield code="g">125.00</subfield>
    <subfield code="l">0</subfield>
    <subfield code="o">821 &#x91C;&#x948;&#x928;&#x938;&#x941;</subfield>
    <subfield code="p">B-287266</subfield>
    <subfield code="r">2009-03-26 00:00:00</subfield>
    <subfield code="t">1</subfield>
    <subfield code="v">125.00</subfield>
    <subfield code="w">2009-03-26</subfield>
    <subfield code="y">HN</subfield>
  </datafield>
  <datafield tag="952" ind1=" " ind2=" ">
    <subfield code="0">0</subfield>
    <subfield code="1">0</subfield>
    <subfield code="2">ddc</subfield>
    <subfield code="4">0</subfield>
    <subfield code="7">0</subfield>
    <subfield code="8">NFIC</subfield>
    <subfield code="a">BL4</subfield>
    <subfield code="b">BL4</subfield>
    <subfield code="d">2009-03-26</subfield>
    <subfield code="e">&#x92E;&#x947;&#x918;&#x93E; &#x92C;&#x941;&#x915;&#x94D;&#x938;/3270/9.9.08/394/4.9.08/16.9.08</subfield>
    <subfield code="g">125.00</subfield>
    <subfield code="l">3</subfield>
    <subfield code="m">2</subfield>
    <subfield code="o">821 &#x91C;&#x948;&#x928;&#x938;&#x941;</subfield>
    <subfield code="p">B-287267</subfield>
    <subfield code="r">2026-06-22 11:19:19</subfield>
    <subfield code="s">2026-06-09</subfield>
    <subfield code="t">1</subfield>
    <subfield code="v">125.00</subfield>
    <subfield code="w">2009-03-26</subfield>
    <subfield code="y">HN</subfield>
  </datafield>
</record>
